000 01322pab a2200157 454500
008 180718b2001 xxu||||| |||| 00| 0 eng d
100 _aGormley, William T. Jr.
245 _aMoralists, pragmatists and rogues: bureaucrats in modern mysteries
260 _c2001
300 _ap.184-93
362 _aMar-Apr
520 _aMany contemporary mysteries feature bureaucrats struggling with difficult ethical dilemmas. Should they lie? Disobey an order? Use physical force? Break the law in order to catch a criminal? In addition to their entertainment value, mysteries offer untapped opportunities to reflect on the moral conflicts faced by civil servants. In this article, the author analyzes the work of 12 modern mystery writers whose protagonists include police detectives, a medical examiner, a prosecutor, a park ranger, and a fire chief. Several types of bureaucrats are identified including moralists, pragmatists, and rogues. The author then links these types to broader ethical philosophies, such as act-utilitarianism, rule-utilitarianism, ethical egoism, and Kant's categorical imperative. He concludes that mysteries can be an effective teaching tool for courses in ethics and public administration. - Reproduced
650 _aCivil service
773 _aPublic Administration Review
909 _a49205
999 _c49205
_d49205